The Buwayhid Dynasty in Iraq 334H./945 to 403H./1012 : Shaping Institutions for the Future /

A study of the development of political and social institutions in Baghdad, center of the Abbasid Caliphate, in that neglected period between Abbasid collapse and the coming of the Seljuk Turks. Three brothers, Daylemite mercenaries from the southern Caspian succeeded in establishing a dynasty that...

وصف كامل

محفوظ في:

المؤلف الرئيسي: Donohue, John (مؤلف)

التنسيق: كتاب الكتروني

اللغة: English

منشور في: Leiden; Boston : BRILL, 2003.

سلاسل: Brill Book Archive Part 1, ISBN: 9789004472495.
Islamic History and Civilization ; 44.

الموضوعات:

الوصول للمادة أونلاين: Login to view Source

الوسوم: إضافة وسم

لا توجد وسوم, كن أول من يضع وسما على هذه التسجيلة!

رقم الطلب: DS288.6

LEADER 02763nam a22005178i 4500
001 BRILL9789004492363
003 nllekb
005 20211118221619.0
006 m d
007 cr un uuuua
008 200716s2003 ne sb 001 0 eng d
010 |z  2002033202 
020 |a 9789004492363  |q (electronic book) 
020 |a 9789004128606  |q (print) 
024 7 |a 10.1163/9789004492363  |2 DOI 
035 |a (OCoLC)606928813 
040 |a NL-LeKB  |c NL-LeKB  |e rda 
043 |a aw-----  |a ff----- 
050 0 0 |a DS288.6 
072 7 |a HRH  |2 bicssc 
072 7 |a REL  |x 037000  |2 bisacsh 
082 0 0 |a 956.7/02  |2 21 
100 1 |a Donohue, John  |e author. 
245 1 4 |a The Buwayhid Dynasty in Iraq 334H./945 to 403H./1012 :  |b Shaping Institutions for the Future /  |c John Donohue. 
246 3 |a Shaping Institutions for the Future 
264 1 |a Leiden;   |a Boston :  |b BRILL,  |c 2003. 
300 |a 1 online resource. 
336 |a text  |b txt  |2 rdacontent 
337 |a computer  |b c  |2 rdamedia 
338 |a online resource  |2 rdacarrier 
490 1 |a Brill Book Archive Part 1, ISBN: 9789004472495 
490 1 |a Islamic History and Civilization ;  |v 44 
504 |a Includes bibliographical references and index. 
520 |a A study of the development of political and social institutions in Baghdad, center of the Abbasid Caliphate, in that neglected period between Abbasid collapse and the coming of the Seljuk Turks. Three brothers, Daylemite mercenaries from the southern Caspian succeeded in establishing a dynasty that lasted nearly a century, controlling Iraq, a good part of Iran and the Gulf. The period has been labled the "Iranian intermezzo" but careful examination shows that the dynasty shaped the basic institutions to which the Seljuks would fall heir: the chief amirate, the system of army fiefs and the bureaucracy. It was a period of profound change and dislocation which fostered an open and creative cultural atmosphere. The Caliphate, bereft of power, was re-established as the center of authority and legitimation. 
588 |a Description based on print version record. 
650 0 |a Administrative organization. 
650 0 |a Buwayhides. 
650 0 |a Buwayhids. 
651 0 |a Islamic Empire  |x History. 
776 0 8 |i Print version:  |t The Buwayhid Dynasty in Iraq 334H./945 to 403H./1012 : Shaping Institutions for the Future.  |d Leiden ; Boston : BRILL, 2003  |z 9789004128606  |w (OCoLC)50447749 
830 0 |a Brill Book Archive Part 1, ISBN: 9789004472495. 
830 0 |a Islamic History and Civilization ;  |v 44. 
856 4 |z DOI:   |u http://dx.doi.org/10.1163/9789004492363 
942 |2 lcc  |c EBOOK 
952 |0 0  |1 0  |2 lcc  |4 0  |7 1  |9 22470  |a BRILL  |b BRILL  |d 2021-11-18  |l 0  |r 2021-11-18 00:00:00  |w 2021-11-18  |y EBOOK 
999 |c 39944  |d 39944